Hacia la nueva organización (Registro nro. 14442)

Detalles MARC
000 -LEADER
fixed length control field 00326 a2200109 4500
001 - CONTROL NUMBER
control field ART_9859
005 - DATE AND TIME OF LATEST TRANSACTION
control field 20260410161653.0
008 - FIXED-LENGTH DATA ELEMENTS--GENERAL INFORMATION
fixed length control field 260409a
100 1# - MAIN ENTRY--PERSONAL NAME
Personal name Drucker, Peter Ferdinand
245 10 - TITLE STATEMENT
Title Hacia la nueva organización
773 0# - HOST ITEM ENTRY
Title Harvard Deusto Business Review
Related parts - Nº 82 (ene./feb. 1998)
Record control number REV521

No hay ítems disponibles.